000 00757nam a2200229 4500
003 OSt
005 20240723060844.0
006 a
008 240723b |||||||| |||| 00| 0 eng d
020 _a9780073293493
040 _aDWCL-Main lib.
_cOC
082 _2Fourteenth edition
_aCirc. 624.1834 N696d 2010
100 _aFourteenth edition
245 _aDesign of concrete structures /
250 _aFourteenth edition
260 _aBoston :
_bMcGraw-Hill Higher Education,
_cc2010.
300 _axvi,
_b795 p. : ill. ;
_c26 cm.
504 _aIncludes bibliographical references and index.
650 _a1. Reinforced concrete construction.
650 _a2. Prestressed concrete construction.
942 _2ddc
_n0
_cBK-CIRC
_eFourteenth edition
_kCirc.
999 _c2602
_d2602